Histoire romaine. (Record no. 188217)

MARC details
000 -LEADER
campo de control de longitud fija 00870nam a2200217 i 4500
001 - NÚMERO DE CONTROL
campo de control 188217
003 - IDENTIFICADOR DE NÚMERO DE CONTROL
campo de control ES-MaACL
005 - FECHA Y HORA DE LA ÚLTIMA TRANSACCIÓN
campo de control 20250921063041.0
008 - DATOS DE LONGITUD FIJA--INFORMACIÓN GENERAL
campo de control de longitud fija 180622q1912 fr |||| | fre d
100 1# - ENTRADA PRINCIPAL--NOMBRE DE PERSONA
Nombre de persona Mommsen, Theodor,
Fechas asociadas al nombre 1817-1903
9 (RLIN) 82081
245 10 - MENCIÓN DEL TÍTULO
Título Histoire romaine.
Número de parte o sección de la obra VII /
Mención de responsabilidad, etc. Th. Mommsen.
250 ## - MENCION DE EDICION
Mención de edición Nouvelle éd.
Resto de la mención de edición traduite par de Guerle.
260 ## - PUBLICACIÓN, DISTRIBUCIÓN, ETC.
Lugar de publicación, distribución, etc. Paris :
Nombre del editor, distribuidor, etc. Ernest Flammarion,
Fecha de publicación, distribución, etc. [ca. 1912]
300 ## - DESCRIPCIÓN FÍSICA
Extensión 379 p. ;
Dimensiones 19 cm.
490 1# - MENCIÓN DE SERIE
Mención de serie Les meilleurs auteurs classiques français et étrangers
505 8# - NOTA DE CONTENIDO CON FORMATO
Nota de contenido con formato Contiene: Livre V. Fondation de la monarchie militaire
651 #4 - PUNTO DE ACCESO ADICIONAL DE MATERIA--NOMBRE GEOGRÁFICO
Nombre geográfico Roma-
Subdivisión general Historia-
Subdivisión cronológica 265-30 a.C., República.
9 (RLIN) 9320
830 1# - PUNTO DE ACCESO ADICIONAL DE SERIE-TÍTULO UNIFORME
Título uniforme Les meilleurs auteurs classiques français et étrangers
9 (RLIN) 225658
852 ## - LOCALIZACIÓN
Ubicación ES-MaACL
Número de control de estantería L-32076
Nota libre - Donat. herederos de la bibl. de Mª del Pilar Costa Palacín
Holdings
Estatus retirado Estado de pérdida Estado de daño No para préstamo Biblioteca de origen Biblioteca actual Ubicación en estantería Fecha de adquisición Fuente de adquisición Total de préstamos Signatura topográfica completa Código de barras Visto por última vez Precio de reemplazo Tipo de ítem Koha
        Biblioteca del Ateneo de Madrid Biblioteca del Ateneo de Madrid Depósito 2 22/06/2018     L-32076 1199026 23/02/2023 23/02/2023 Libro impreso